Players who have won the Champions League - Statistics

General Stats
  • This quiz has been taken 78 times
  • The average score is 9 of 19
Answers on the Grid
Answers color-coded by a green-red scale on the quiz's grid according to % correct below.
Zlatan Ibrahimovic
Lionel Messi
Casemiro
Harry Kane
Marcelo
Vinícius Júnior
Gianluigi Buffon
Alexandre Hleb
Patrick Vieira
Francesco Totti
Ronaldinho
Didier Deschamps
Juliano Belletti
Cristiano Ronaldo
Cesc Fàbregas
Xavi
Lothar Matthäus
Fabio Cannavaro
Paolo Maldini
Arjen Robben
Deco
Aubameyang
Michael Ballack
Benzema
Pepe
Sergio Agüero
Iker Casillas
Zidane
Frank Lampard
Neymar JR
 
Answer Stats
Answer % Correct
Lionel Messi
92%
Vinícius Júnior
79%
Casemiro
77%
Cristiano Ronaldo
73%
Marcelo
73%
Ronaldinho
63%
Xavi
63%
Neymar JR
56%
Iker Casillas
48%
Zidane
48%
Benzema
46%
Arjen Robben
44%
Paolo Maldini
38%
Pepe
38%
Didier Deschamps
31%
Frank Lampard
31%
Juliano Belletti
19%
Deco
17%
Alexandre Hleb
6%
No matching quizzes found
Score Distribution
Percent of People with Each Score
Percentile by Number Answered
Your Score History
You have not taken this quiz